[Event "Hastings Masters 2024/25 98th"]
[Site "Hastings"]
[Date "2025.01.02"]
[Round "8.6"]
[White "Kaasen, Tor Fredrik"]
[Black "Lux, Hugo de Melo"]
[Result "1/2-1/2"]
[WhiteElo "2473"]
[BlackElo "2319"]
[PlyCount "78"]
[EventDate "2024.12.28"]
[EventType "swiss"]
[EventRounds "9"]
[EventCountry "ENG"]
[SourceTitle "BritBase"]
[Source "John Saunders"]
[SourceDate "2025.01.10"]
[SourceVersion "1"]
[SourceVersionDate "2025.01.10"]
[SourceQuality "1"]

1. e4 c5 2. Nf3 Nc6 3. Bb5 d6 4. O-O Bd7 5. Re1 a6 6. Bf1 e5 7. c3 Be7 8. h3 g5 9. d4 h5 10. d5 Na7 11. Nh2 g4 12. hxg4 hxg4 13. g3 Nf6 14. b4 cxb4 15. c4 b5 16. a3 bxc4 17. axb4 Nb5 18. Bxc4 Kf8 19. Na3 Rc8 20. Bd3 Rc3 21. Bb2 Rxd3 22. Qxd3 Nxa3 23. Rxa3 Bb5 24. Qe3 Rh5 25. Kg2 Kg7 26. Rh1 Qh8 27. Raa1 Qh7 28. Rae1 Rh3 29. Bc1 Kf8 30. Bd2 Bd8 31. Bc1 Bc4 32. f3 Rxg3+ 33. Kxg3 Qh3+ 34. Kf2 Qh4+ 35. Kg2 Qh3+ 36. Kf2 Qh4+ 37. Kg2 Qh3+ 38. Kf2 g3+ 39. Kg1 Bb6 1/2-1/2

[Event "Hastings Masters 2024/25 98th"]
[Site "Hastings"]
[Date "2025.01.02"]
[Round "8.7"]
[White "Bazakutsa, Svyatoslav"]
[Black "Nielsen, Andre"]
[Result "1-0"]
[WhiteElo "2486"]
[BlackElo "2276"]
[PlyCount "159"]
[EventDate "2024.12.28"]
[EventType "swiss"]
[EventRounds "9"]
[EventCountry "ENG"]
[SourceTitle "BritBase"]
[Source "John Saunders"]
[SourceDate "2025.01.10"]
[SourceVersion "1"]
[SourceVersionDate "2025.01.10"]
[SourceQuality "1"]

1. d4 Nf6 2. c4 e6 3. Nc3 Bb4 4. e3 b6 5. Nge2 Ne4 6. Qc2 Bb7 7. a3 Bxc3+ 8. Nxc3 Nxc3 9. Qxc3 O-O 10. h4 d5 11. b3 Nd7 12. Bb2 f5 13. O-O-O a5 14. a4 Rf7 15. f3 Qe7 16. Kb1 Nb8 17. Rc1 c6 18. Bd3 Na6 19. c5 bxc5 20. Bxa6 cxd4 21. exd4 Rxa6 22. Ka2 Bc8 23. Ba3 Qc7 24. Qe3 Bd7 25. Rhe1 Qg3 26. h5 Rf6 27. Qd2 Qc7 28. Re5 Ra8 29. Be7 Rf7 30. Bc5 h6 31. g4 Qd8 32. Rg1 fxg4 33. fxg4 Qf6 34. g5 Qf2 35. Qxf2 Rxf2+ 36. Ka1 Kh8 37. Re3 hxg5 38. Reg3 Rf5 39. Bd6 Kh7 40. Rxg5 Rxg5 41. Rxg5 Be8 42. Kb2 Ra7 43. Re5 Bf7 44. Ka3 Kh6 45. b4 axb4+ 46. Bxb4 Bxh5 47. Bd2+ g5 48. Rxg5 Bg6 49. Rxd5+ Kg7 50. Rd6 Kf6 51. Bc3 Ke7 52. Bb4 Be8 53. Bc5 Ra8 54. Kb4 Bd7 55. a5 Kd8 56. Bb6+ Kc8 57. Kc5 Ra6 58. Kb4 Ra8 59. Kc3 Be8 60. Rxe6 Kd7 61. Rh6 Bf7 62. Rh7 Ke6 63. Kc4 Bg8 64. Rh6+ Kd7+ 65. Kc5 Rf8 66. Rd6+ Kc8 67. Kxc6 Kb8 68. Rd7 Rf6+ 69. Kc5 Rf5+ 70. Kb4 Rf8 71. d5 Kc8 72. Rd6 Kb7 73. Kb5 Kb8 74. Rd7 Bf7 75. Ka6 Bxd5 76. Rxd5 Ka8 77. Rd7 Rc8 78. Ra7+ Kb8 79. Rb7+ Ka8 80. Bc7 1-0

[Event "Hastings Masters 2024/25 98th"]
[Site "Hastings"]
[Date "2025.01.02"]
[Round "8.8"]
[White "Gasanov, Eldar"]
[Black "Bozinakis, Pavlos"]
[Result "1-0"]
[WhiteElo "2476"]
[BlackElo "2257"]
[PlyCount "69"]
[EventDate "2024.12.28"]
[EventType "swiss"]
[EventRounds "9"]
[EventCountry "ENG"]
[SourceTitle "BritBase"]
[Source "John Saunders"]
[SourceDate "2025.01.10"]
[SourceVersion "1"]
[SourceVersionDate "2025.01.10"]
[SourceQuality "1"]

1. d4 Nf6 2. c4 e6 3. Nc3 d5 4. Bg5 Be7 5. Nf3 h6 6. Bh4 dxc4 7. e3 c5 8. Bxc4 cxd4 9. exd4 O-O 10. O-O Nc6 11. Re1 b6 12. a3 Bb7 13. Ba2 Nh5 14. Re4 Bxh4 15. Rxh4 Nf6 16. Rc1 Ne7 17. Bb1 Rc8 18. Ne5 Re8 19. Rh3 Nf5 20. Rd3 Ne4 21. Qh5 g6 22. Qh3 Qg5 23. Re1 Nxc3 24. bxc3 Rc7 25. Nf3 Qf4 26. d5 Rce7 27. g3 Qa4 28. d6 Nxd6 29. Qxh6 Nf5 30. Qg5 Rd7 31. Ne5 Rxd3 32. Bxd3 Qxa3 33. Nxg6 Qxc3 34. Ne5+ Kf8 35. Nd7# 1-0

[Event "Hastings Masters 2024/25 98th"]
[Site "Hastings"]
[Date "2025.01.02"]
[Round "8.9"]
[White "Bin-Suhayl, Ieysaa"]
[Black "Kovchan, Alexander"]
[Result "1/2-1/2"]
[WhiteElo "2215"]
[BlackElo "2455"]
[PlyCount "100"]
[EventDate "2024.12.28"]
[EventType "swiss"]
[EventRounds "9"]
[EventCountry "ENG"]
[SourceTitle "BritBase"]
[Source "John Saunders"]
[SourceDate "2025.01.10"]
[SourceVersion "1"]
[SourceVersionDate "2025.01.10"]
[SourceQuality "1"]

1. d4 Nf6 2. c4 g6 3. Nc3 d5 4. cxd5 Nxd5 5. e4 Nxc3 6. bxc3 Bg7 7. Nf3 c5 8. Be3 O-O 9. Be2 Qa5 10. O-O Qxc3 11. Rc1 Qa3 12. Rxc5 Na6 13. Bc1 Qxa2 14. Bc4 Qb1 15. Rb5 Qxe4 16. Re1 Qc6 17. Qb3 Nc7 18. Rc5 Qd7 19. Ba3 e6 20. Ne5 Qxd4 21. Rd1 Qe4 22. Bd3 Qf4 23. g3 Qf6 24. Ng4 Qd8 25. Bxg6 Nd5 26. Bb1 b6 27. Qc2 f5 28. Rcxd5 exd5 29. Bxf8 Qxf8 30. Qc6 Rb8 31. Qxd5+ Kh8 32. Ne5 Rb7 33. Ba2 Bf6 34. Rc1 Kg7 35. Nd3 Bg5 36. Qe5+ Bf6 37. Rc7+ Rxc7 38. Qxc7+ Kh6 39. Nf4 Qc5 40. Qf7 Qe7 41. Qh5+ Kg7 42. Qd1 Be5 43. Qc1 Bxf4 44. Qxc8 Qe1+ 45. Kg2 Qe4+ 46. Kh3 Bd6 47. Qg8+ Kh6 48. f4 Be7 49. Qf7 Qe2 50. Bc4 Qh5+ 1/2-1/2

[Event "Hastings Masters 2024/25 98th"]
[Site "Hastings"]
[Date "2025.01.02"]
[Round "8.10"]
[White "Vestby-Ellingsen, Mads"]
[Black "Gu In-Jung"]
[Result "1-0"]
[WhiteElo "2391"]
[BlackElo "1987"]
[PlyCount "73"]
[EventDate "2024.12.28"]
[EventType "swiss"]
[EventRounds "9"]
[EventCountry "ENG"]
[SourceTitle "BritBase"]
[Source "John Saunders"]
[SourceDate "2025.01.10"]
[SourceVersion "1"]
[SourceVersionDate "2025.01.10"]
[SourceQuality "1"]

1. e4 c5 2. Nf3 d6 3. d4 cxd4 4. Nxd4 Nf6 5. Nc3 a6 6. f4 e6 7. Qf3 Qc7 8. Be3 b5 9. a3 Bb7 10. g4 Nc6 11. g5 Nd7 12. Nxc6 Qxc6 13. O-O-O Rc8 14. f5 Ne5 15. Qf4 Nc4 16. fxe6 fxe6 17. Bxc4 Qxc4 18. Qg4 e5 19. Kb1 a5 20. Nd5 Bxd5 21. Rxd5 Be7 22. Qe6 Rc6 23. Rc1 a4 24. g6 h6 25. Qf7+ Kd7 26. Qxg7 Rf8 27. Qxe5 Rf1 28. Rxf1 Qxf1+ 29. Bc1 Qg2 30. Qf5+ Kd8 31. Rd2 Qg1 32. Qf7 Rc5 33. h4 Bxh4 34. Rxd6+ Kc8 35. Qd7+ Kb8 36. Rb6+ Ka8 37. Qb7# 1-0

[Event "Hastings Masters 2024/25 98th"]
[Site "Hastings"]
[Date "2025.01.02"]
[Round "8.11"]
[White "Bilandzic, Ante"]
[Black "Roux, Baptiste"]
[Result "0-1"]
[WhiteElo "1912"]
[BlackElo "2332"]
[PlyCount "58"]
[EventDate "2024.12.28"]
[EventType "swiss"]
[EventRounds "9"]
[EventCountry "ENG"]
[SourceTitle "BritBase"]
[Source "John Saunders"]
[SourceDate "2025.01.10"]
[SourceVersion "1"]
[SourceVersionDate "2025.01.10"]
[SourceQuality "1"]

1. d4 Nf6 2. Nf3 g6 3. Bf4 Bg7 4. e3 d6 5. h3 O-O 6. Nbd2 Nc6 7. Be2 Nd7 8. Bg5 Qe8 9. O-O e5 10. c3 h6 11. Bh4 e4 12. Ne1 f5 13. Bc4+ Kh8 14. Qe2 g5 15. Bg3 Nf6 16. Bb3 Ne7 17. Rc1 Ng6 18. c4 f4 19. exf4 gxf4 20. Bh2 f3 21. Qe3 Nh4 22. Kh1 Nf5 23. Qf4 Nxd4 24. Bd1 Ne2 25. Bxe2 fxe2 26. Rg1 Ng4 27. Qxf8+ Qxf8 28. hxg4 Qxf2 29. Nxe4 Qe3 0-1

[Event "Hastings Masters 2024/25 98th"]
[Site "Hastings"]
[Date "2025.01.02"]
[Round "8.12"]
[White "Saunders, Aron"]
[Black "Boyer, Mahel"]
[Result "1/2-1/2"]
[WhiteElo "2106"]
[BlackElo "2531"]
[PlyCount "162"]
[EventDate "2024.12.28"]
[EventType "swiss"]
[EventRounds "9"]
[EventCountry "ENG"]
[SourceTitle "BritBase"]
[Source "John Saunders"]
[SourceDate "2025.01.10"]
[SourceVersion "1"]
[SourceVersionDate "2025.01.10"]
[SourceQuality "1"]

1. e4 Nc6 2. Nf3 e5 3. Bc4 d6 4. O-O Be7 5. c3 Nf6 6. d3 O-O 7. a4 b6 8. Nbd2 Bb7 9. Re1 Qd7 10. Nf1 Rae8 11. Ne3 Bd8 12. b4 Ne7 13. Qb3 c6 14. b5 Bc7 15. bxc6 Bxc6 16. Bb5 Nh5 17. d4 a6 18. Bxc6 Qxc6 19. dxe5 dxe5 20. Ba3 Bd6 21. Bxd6 Qxd6 22. Rad1 Qc5 23. Nc4 Ng6 24. Qb4 Qxb4 25. cxb4 Re6 26. Rd7 Rc8 27. Nd6 Nf6 28. Nxc8 Nxd7 29. Rc1 h6 30. g3 Nf6 31. Nd2 Ne7 32. f3 Kf8 33. Kf2 Nc6 34. Nxb6 Nxb4 35. Rc8+ Re8 36. Rc7 Re7 37. Rc4 a5 38. Rc8+ Re8 39. Rxe8+ Kxe8 40. Nbc4 Nd7 41. Nb3 f6 42. Ncxa5 Nd3+ 43. Ke3 Nb2 44. Nc6 Nxa4 45. Nd2 Ndb6 46. Na5 Nb2 47. Nab3 Kd7 48. Nc5+ Kd6 49. Ncb3 N6a4 50. Nb1 Kc6 51. Na3 Nb6 52. Kd2 N2a4 53. Kd3 g6 54. Ke3 Nb2 55. g4 Nd1+ 56. Ke2 Nc3+ 57. Kd3 Na2 58. Ke3 Nb4 59. Na5+ Kc5 60. Nb3+ Kd6 61. Nb5+ Kc6 62. Na7+ Kd7 63. Nb5 Nc4+ 64. Ke2 Kc6 65. Nc3 Kd6 66. Nb5+ Ke7 67. Nc5 Nc6 68. Kd3 Nb6 69. Kc3 h5 70. gxh5 gxh5 71. Kd3 Nd8 72. Ke3 Nc4+ 73. Kd3 Nd6 74. Nc3 Nc6 75. Nd5+ Kf7 76. f4 Kg6 77. Ke3 Nc4+ 78. Kd3 Nd6 79. Ke3 Nc4+ 80. Kd3 Nd6 81. Ke3 Nc4+ 1/2-1/2

[Event "Hastings Masters 2024/25 98th"]
[Site "Hastings"]
[Date "2025.01.02"]
[Round "8.13"]
[White "Siva Mahadevan"]
[Black "Cheng, Louis"]
[Result "1-0"]
[WhiteElo "2349"]
[BlackElo "2037"]
[PlyCount "139"]
[EventDate "2024.12.28"]
[EventType "swiss"]
[EventRounds "9"]
[EventCountry "ENG"]
[SourceTitle "BritBase"]
[Source "John Saunders"]
[SourceDate "2025.01.10"]
[SourceVersion "1"]
[SourceVersionDate "2025.01.10"]
[SourceQuality "1"]

1. Nf3 Nf6 2. g3 d5 3. Bg2 g6 4. O-O Bg7 5. d3 O-O 6. Nbd2 d4 7. e4 dxe3 8. fxe3 c5 9. Qe2 Nc6 10. Nc4 Qc7 11. e4 e5 12. Bg5 Bg4 13. c3 h6 14. Bxf6 Bxf6 15. Ne3 Be6 16. Nd5 Bxd5 17. exd5 Ne7 18. Nd2 Bg7 19. Nc4 Nc8 20. g4 Nd6 21. Be4 Rad8 22. Rf3 Qe7 23. Raf1 Nxc4 24. dxc4 Qh4 25. Rg3 Qg5 26. Qf2 Qf4 27. Qg2 Qg5 28. h4 Qxh4 29. g5 h5 30. Bd3 b5 31. Be2 f5 32. gxf6 Rxf6 33. Rxg6 Rxg6 34. Qxg6 Rf8 35. Qe6+ Kh7 36. Bd3+ Kh8 37. Rxf8+ Bxf8 38. Qxe5+ Kg8 39. Qe6+ Kh8 40. Qe5+ Kg8 41. Qe6+ Kh8 42. Qf5 Qe1+ 43. Kg2 Qd2+ 44. Kh3 Qe3+ 45. Kh4 Qe1+ 46. Kxh5 Qh1+ 47. Kg4 Qg2+ 48. Kf4 Qf2+ 49. Ke4 Qe1+ 50. Kf3 Qd1+ 51. Kf2 Qd2+ 52. Be2 Bh6 53. Qe5+ Kg8 54. Qb8+ Kh7 55. Qxa7+ Bg7 56. Qxc5 Qf4+ 57. Kg2 Qg5+ 58. Kf1 Qc1+ 59. Kf2 Qf4+ 60. Ke1 Qc1+ 61. Bd1 Qxb2 62. cxb5 Bxc3+ 63. Kf1 Qd2 64. Qe7+ Kg8 65. Qe6+ Kg7 66. Qg4+ Kh8 67. Qf3 Qe1+ 68. Kg2 Be5 69. Qf8+ Kh7 70. Bc2+ 1-0

[Event "Hastings Masters 2024/25 98th"]
[Site "Hastings"]
[Date "2025.01.02"]
[Round "8.14"]
[White "Lucas, Arthur"]
[Black "Kolka, David"]
[Result "1-0"]
[WhiteElo "2328"]
[BlackElo "2020"]
[PlyCount "85"]
[EventDate "2024.12.28"]
[EventType "swiss"]
[EventRounds "9"]
[EventCountry "ENG"]
[SourceTitle "BritBase"]
[Source "John Saunders"]
[SourceDate "2025.01.10"]
[SourceVersion "1"]
[SourceVersionDate "2025.01.10"]
[SourceQuality "1"]

1. e4 c6 2. d4 d5 3. e5 Bf5 4. h4 h5 5. Bg5 Qb6 6. Bd3 Bxd3 7. Qxd3 e6 8. Nd2 Ne7 9. Ne2 Nf5 10. O-O Nd7 11. c4 Qa6 12. b3 Be7 13. Bxe7 Nxe7 14. Nf3 Nf5 15. Ng3 g6 16. Rfc1 Rd8 17. Nxf5 gxf5 18. Qd2 dxc4 19. bxc4 Nc5 20. Qg5 Ne4 21. Qg7 Ke7 22. Ng5 Nxg5 23. Qf6+ Kd7 24. hxg5 Rhf8 25. d5 c5 26. Rab1 Kc8 27. Qe7 b6 28. dxe6 fxe6 29. Qxe6+ Kb8 30. Rd1 Qxa2 31. Qe7 Rxd1+ 32. Rxd1 Rc8 33. Qd6+ Rc7 34. Qd3 Qa4 35. e6 Kb7 36. Re1 Re7 37. Qd5+ Kc7 38. g6 Qe8 39. Qxf5 Qh8 40. Rd1 Qg7 41. Qd5 Qf8 42. Qd6+ Kb7 43. Qxe7+ 1-0

[Event "Hastings Masters 2024/25 98th"]
[Site "Hastings"]
[Date "2025.01.02"]
[Round "8.19"]
[White "Kolani, Arjun"]
[Black "Sasikumar, Srivathsan"]
[Result "1-0"]
[WhiteElo "2131"]
[BlackElo "1919"]
[PlyCount "108"]
[EventDate "2024.12.28"]
[EventType "swiss"]
[EventRounds "9"]
[EventCountry "ENG"]
[SourceTitle "BritBase"]
[Source "John Saunders"]
[SourceDate "2025.01.10"]
[SourceVersion "1"]
[SourceVersionDate "2025.01.10"]
[SourceQuality "1"]

1. e4 c5 2. Nf3 Nc6 3. d4 cxd4 4. Nxd4 g6 5. c4 Nf6 6. Nc3 d6 7. f3 Nxd4 8. Qxd4 Bg7 9. Be3 O-O 10. Qd2 Be6 11. Rc1 a6 12. b3 Rc8 13. Be2 Qa5 14. O-O Rfe8 15. Rc2 Bd7 16. Rfc1 h5 17. Rb1 Qc7 18. Rcc1 b6 19. Bf1 Qb7 20. a4 Be6 21. Ne2 Red8 22. a5 bxa5 23. Qxa5 Nd7 24. Nd4 Ne5 25. Nxe6 fxe6 26. c5 Ra8 27. cxd6 Rxd6 28. Qc7 Rd7 29. Qxb7 Rxb7 30. f4 Ng4 31. Bc5 Rc7 32. e5 Bh6 33. g3 Nxe5 34. Ba3 Rxc1 35. Rxc1 Nf3+ 36. Kg2 Nd2 37. Bxe7 Nxb3 38. Rc7 Bg7 39. Bc4 Nd4 40. Bc5 Nf5 41. Bxe6+ Kh8 42. Bf7 Nd4 43. Rd7 Nb5 44. Bxg6 a5 45. Bd3 Nc3 46. f5 a4 47. Ba3 Rb8 48. Be7 Rb2+ 49. Kf3 Nd1 50. Rd8+ Kh7 51. f6+ Kh6 52. fxg7 Kxg7 53. h4 Rf2+ 54. Ke4 Kf7 1-0

[Event "Hastings Masters 2024/25 98th"]
[Site "Hastings"]
[Date "2025.01.02"]
[Round "8.20"]
[White "Marusenko, Petr"]
[Black "Golding, Alex"]
[Result "0-1"]
[WhiteElo "2021"]
[BlackElo "2381"]
[PlyCount "82"]
[EventDate "2024.12.28"]
[EventType "swiss"]
[EventRounds "9"]
[EventCountry "ENG"]
[SourceTitle "BritBase"]
[Source "John Saunders"]
[SourceDate "2025.01.10"]
[SourceVersion "1"]
[SourceVersionDate "2025.01.10"]
[SourceQuality "1"]

1. d4 Nf6 2. c4 e6 3. Nc3 Bb4 4. f3 d5 5. a3 Bxc3+ 6. bxc3 c5 7. cxd5 exd5 8. e3 Bf5 9. Ne2 Nc6 10. Ng3 Bg6 11. Bd3 Qa5 12. Bxg6 hxg6 13. Bd2 Qa6 14. Qe2 Qxe2+ 15. Kxe2 O-O-O 16. Rab1 a6 17. Kf2 Na5 18. a4 Nc4 19. Bc1 Rd6 20. h3 Rb6 21. Rxb6 Nxb6 22. e4 Nxa4 23. Bg5 c4 24. exd5 Nxd5 25. Ne4 Kd7 26. Ra1 Ndxc3 27. Bd2 Nxe4+ 28. fxe4 b5 29. Bb4 f5 30. Ke3 Rh4 31. exf5 gxf5 32. Bc5 Kc6 33. Ba7 Kb7 34. Bc5 Nxc5 35. dxc5 c3 36. c6+ Kxc6 37. Rxa6+ Kc5 38. Kd3 Rc4 39. Kc2 Kb4 40. Ra7 Rf4 41. Rxg7 Rf2+ 0-1

[Event "Hastings Masters 2024/25 98th"]
[Site "Hastings"]
[Date "2025.01.02"]
[Round "8.21"]
[White "Boswell, Jacob Connor"]
[Black "Verbytski, Oleg"]
[Result "0-1"]
[WhiteElo "2261"]
[BlackElo "2093"]
[PlyCount "64"]
[EventDate "2024.12.28"]
[EventType "swiss"]
[EventRounds "9"]
[EventCountry "ENG"]
[SourceTitle "BritBase"]
[Source "John Saunders"]
[SourceDate "2025.01.10"]
[SourceVersion "1"]
[SourceVersionDate "2025.01.10"]
[SourceQuality "1"]

1. e4 c5 2. Nf3 d6 3. d4 cxd4 4. Qxd4 Nc6 5. Bb5 Bd7 6. Bxc6 Bxc6 7. Nc3 Nf6 8. Bg5 e6 9. O-O-O Be7 10. Qd3 Qa5 11. h4 O-O 12. Nd4 Rfd8 13. Kb1 Rac8 14. f4 a6 15. f5 Bd7 16. Nce2 Re8 17. c3 b5 18. e5 dxe5 19. Nb3 Qb6 20. Bxf6 Bxf6 21. g4 Rcd8 22. Qc2 exf5 23. g5 Bc6 24. Qxf5 Bxh1 25. Rxh1 Be7 26. Qg4 Qe6 27. Qg3 Qd5 28. Qh2 Rd7 29. Rg1 Qe4+ 30. Ka1 Red8 31. Qf2 Rd1+ 32. Nbc1 Qc2 0-1

[Event "Hastings Masters 2024/25 98th"]
[Site "Hastings"]
[Date "2025.01.02"]
[Round "8.23"]
[White "Badacsonyi, Frankie"]
[Black "Bhatia, Kanishka"]
[Result "1/2-1/2"]
[WhiteElo "2218"]
[BlackElo "2018"]
[PlyCount "141"]
[EventDate "2024.12.28"]
[EventType "swiss"]
[EventRounds "9"]
[EventCountry "ENG"]
[SourceTitle "BritBase"]
[Source "John Saunders"]
[SourceDate "2025.01.10"]
[SourceVersion "1"]
[SourceVersionDate "2025.01.10"]
[SourceQuality "1"]

1. d4 Nf6 2. c4 e6 3. Nf3 b6 4. g3 Ba6 5. b3 Bb4+ 6. Bd2 Be7 7. Nc3 Bb7 8. Bg2 O-O 9. O-O c5 10. d5 exd5 11. Nh4 Re8 12. Nf5 Bf8 13. Ne3 d6 14. Nexd5 Nxd5 15. Bxd5 Bxd5 16. Nxd5 Na6 17. Bf4 Nc7 18. Re1 Ne6 19. Qd3 Qd7 20. Rad1 Rad8 21. Bc1 Nc7 22. e4 Nxd5 23. Qxd5 Re5 24. Qd3 Rde8 25. Bf4 R5e6 26. f3 f5 27. Re2 fxe4 28. Rxe4 Rxe4 29. fxe4 Qe6 30. Re1 h6 31. h4 Be7 32. Qd5 Bf8 33. Qxe6+ Rxe6 34. h5 Be7 35. Kg2 Bf6 36. Kf3 Be5 37. Rd1 Kf7 38. Rh1 Rf6 39. Rh2 Ke6 40. Rh4 Bd4 41. Rh2 Be5 42. Rc2 Rf7 43. Rc1 Rf8 44. Rd1 Bd4 45. Rf1 a6 46. Ke2 Be5 47. Kf3 b5 48. Rc1 Bb2 49. Rc2 Be5 50. Ke3 Bd4+ 51. Kd3 Be5 52. Rf2 Rf7 53. Rf1 b4 54. Ke3 a5 55. Rd1 Bd4+ 56. Kf3 a4 57. Rd3 axb3 58. axb3 Ra7 59. Be3 Be5 60. Bf4 Bd4 61. Be3 Bxe3 62. Kxe3 Ra2 63. Kf4 Rh2 64. Rd5 Rb2 65. e5 dxe5+ 66. Rxe5+ Kd6 67. Rd5+ Kc6 68. Rd3 Rc2 69. Ke4 Re2+ 70. Kf4 Rc2 71. Ke4 1/2-1/2

[Event "Hastings Masters 2024/25 98th"]
[Site "Hastings"]
[Date "2025.01.02"]
[Round "8.28"]
[White "Brown, Thomas"]
[Black "Sciupokas, Arunas"]
[Result "1-0"]
[WhiteElo "2118"]
[BlackElo "1969"]
[PlyCount "52"]
[EventDate "2024.12.28"]
[EventType "swiss"]
[EventRounds "9"]
[EventCountry "ENG"]
[SourceTitle "BritBase"]
[Source "John Saunders"]
[SourceDate "2025.01.10"]
[SourceVersion "1"]
[SourceVersionDate "2025.01.10"]
[SourceQuality "1"]

1. d4 d5 2. Nf3 Nc6 3. c4 Bg4 4. Nbd2 dxc4 5. e3 e6 6. Bxc4 Bd6 7. Qa4 Nge7 8. a3 O-O 9. h3 Bxf3 10. Nxf3 Ng6 11. h4 Nge7 12. Qc2 Qd7 13. Ng5 g6 14. h5 h6 15. hxg6 Nxg6 16. Bxe6 fxe6 17. Qxg6+ Qg7 18. Qxg7+ Kxg7 19. Nxe6+ Kg6 20. Nxf8+ Rxf8 21. Bd2 Re8 22. O-O-O Bf8 23. Rhe1 Rd8 24. Bc3 Bd6 25. g3 Rf8 26. f4 Be7 1-0

[Event "Hastings Masters 2024/25 98th"]
[Site "Hastings"]
[Date "2025.01.02"]
[Round "8.41"]
[White "Ghazarian, Kirk"]
[Black "Zhou, Yang-Fan"]
[Result "1-0"]
[WhiteElo "2489"]
[BlackElo "2431"]
[PlyCount "95"]
[EventDate "2024.12.28"]
[EventType "swiss"]
[EventRounds "9"]
[EventCountry "ENG"]
[SourceTitle "BritBase"]
[Source "John Saunders"]
[SourceDate "2025.01.10"]
[SourceVersion "1"]
[SourceVersionDate "2025.01.10"]
[SourceQuality "1"]

1. d4 Nf6 2. c4 g6 3. g3 Bg7 4. Bg2 O-O 5. Nf3 d6 6. Nc3 c5 7. d5 e6 8. O-O exd5 9. cxd5 a6 10. a4 Re8 11. Re1 Ne4 12. Nxe4 Rxe4 13. Qc2 Rb4 14. Ra2 b5 15. axb5 Rxb5 16. e4 Nd7 17. Bf4 Qe7 18. Bf1 Rb6 19. Bg5 Bf6 20. Bd2 Rab8 21. Bc3 Bxc3 22. bxc3 Nf6 23. Bc4 Ng4 24. Nd2 Qb7 25. Be2 Nf6 26. Nc4 Rb1 27. Rxb1 Qxb1+ 28. Qxb1 Rxb1+ 29. Kg2 Ne8 30. Nd2 Rc1 31. Bxa6 Bxa6 32. Rxa6 Rxc3 33. Ra8 Kf8 34. e5 Rd3 35. Ne4 dxe5 36. d6 f5 37. Nf6 Rxd6 38. Nxe8 Rd4 39. Nc7+ Kf7 40. Nb5 Rb4 41. Nc3 Rb3 42. Nd5 Ke6 43. Rd8 c4 44. Ne3 Rd3 45. Re8+ Kf6 46. Nxc4 e4 47. h4 f4 48. Rf8+ 1-0

[Event "Hastings Masters 2024/25 98th"]
[Site "Hastings"]
[Date "2025.01.02"]
[Round "8.42"]
[White "Gorainow, Nikita"]
[Black "Eldridge, Albert"]
[Result "1/2-1/2"]
[WhiteElo "2056"]
[BlackElo "1805"]
[PlyCount "37"]
[EventDate "2024.12.28"]
[EventType "swiss"]
[EventRounds "9"]
[EventCountry "ENG"]
[SourceTitle "BritBase"]
[Source "John Saunders"]
[SourceDate "2025.01.10"]
[SourceVersion "1"]
[SourceVersionDate "2025.01.10"]
[SourceQuality "1"]

1. e4 c6 2. d4 d5 3. Nd2 dxe4 4. Nxe4 Nf6 5. Nxf6+ exf6 6. c3 Bd6 7. Bd3 O-O 8. Ne2 Re8 9. O-O Na6 10. Ng3 Nc7 11. Qh5 g6 12. Qf3 Be6 13. Ne4 Be7 14. Bd2 f5 15. Ng3 Bd5 16. Qd1 Bf6 17. Qc2 Be6 18. Rfe1 Qd6 19. Ne2 1/2-1/2

[Event "Hastings Masters 2024/25 98th"]
[Site "Hastings"]
[Date "2025.01.02"]
[Round "8.46"]
[White "Stokes, Stephen"]
[Black "Fryer, David W"]
[Result "1/2-1/2"]
[WhiteElo "1866"]
[BlackElo "1928"]
[PlyCount "125"]
[EventDate "2024.12.28"]
[EventType "swiss"]
[EventRounds "9"]
[EventCountry "ENG"]
[SourceTitle "BritBase"]
[Source "John Saunders"]
[SourceDate "2025.01.10"]
[SourceVersion "1"]
[SourceVersionDate "2025.01.10"]
[SourceQuality "1"]

1. f4 Nf6 2. Nf3 g6 3. b3 Bg7 4. Bb2 O-O 5. c4 c5 6. g3 d6 7. Bg2 Nc6 8. O-O Rb8 9. Nc3 e6 10. d3 d5 11. h3 a6 12. Qd2 Qc7 13. e3 Rd8 14. Qe2 d4 15. exd4 cxd4 16. Ne4 b6 17. Rac1 Bb7 18. Ned2 Nd7 19. Rce1 Nc5 20. Ne4 Nb4 21. Nxc5 bxc5 22. a3 Nc6 23. Nd2 a5 24. a4 Ne7 25. Bxb7 Rxb7 26. g4 Nc6 27. Ba3 Bf8 28. Qe4 Rbb8 29. Re2 Ne7 30. Rg2 Nc8 31. f5 exf5 32. gxf5 Qe7 33. fxg6 fxg6 34. Bxc5 Qxe4 35. Nxe4 Bxc5 36. Nxc5 Ne7 37. Rg5 Kh8 38. Re5 Nf5 39. Rb1 Rd6 40. Ne4 Rdb6 41. Rb5 Ng7 42. Nc5 Rxb5 43. axb5 Nh5 44. Ra1 Nf4 45. Kh2 Re8 46. Kg3 g5 47. h4 Ne2+ 48. Kg4 gxh4 49. b6 h5+ 50. Kxh4 Rg8 51. b7 Nf4 52. b8=Q Rxb8 53. Kg5 Rc8 54. Rxa5 Rxc5+ 55. Rxc5 Ne6+ 56. Kxh5 Nxc5 57. b4 Nxd3 58. b5 Nc5 59. Kg4 Kg7 60. Kf4 Kf6 61. b6 Ke6 62. b7 Nxb7 63. Ke4 1/2-1/2

[Event "Hastings Masters 2024/25 98th"]
[Site "Hastings"]
[Date "2025.01.03"]
[Round "9.3"]
[White "Laurent-Paoli, Pierre"]
[Black "Vestby-Ellingsen, Mads"]
[Result "1-0"]
[WhiteElo "2560"]
[BlackElo "2391"]
[PlyCount "95"]
[EventDate "2024.12.28"]
[EventType "swiss"]
[EventRounds "9"]
[EventCountry "ENG"]
[SourceTitle "BritBase"]
[Source "John Saunders"]
[SourceDate "2025.01.10"]
[SourceVersion "1"]
[SourceVersionDate "2025.01.10"]
[SourceQuality "1"]

1. e4 c5 2. Nf3 d6 3. d4 cxd4 4. Nxd4 Nf6 5. Nc3 a6 6. Be2 e6 7. g4 Qc7 8. g5 Nfd7 9. h4 b5 10. a3 Bb7 11. f4 d5 12. exd5 b4 13. axb4 Bxb4 14. Rh3 Bxd5 15. Ra4 Qb7 16. Ndb5 Bxc3+ 17. Nxc3 Bc6 18. Rd4 O-O 19. Rd6 Nb6 20. h5 Nc8 21. Rd8 Nd7 22. Rxf8+ Nxf8 23. h6 Ne7 24. hxg7 Nfg6 25. Bd3 Bg2 26. Rh2 Bf3 27. Be2 Bc6 28. Bd3 Bf3 29. Be2 Qb6 30. Kf1 Rd8 31. Qe1 Bb7 32. Bd3 Nf5 33. Rh3 Qc7 34. Qf2 Kxg7 35. Qh2 Kg8 36. Rxh7 Qa5 37. Bxf5 Qa1 38. Ne2 Rd1+ 39. Kf2 Rh1 40. Qxh1 Bxh1 41. Bxg6 Bd5 42. Rxf7 Bc4 43. Be3 Qh1 44. Rh7 Qd1 45. Nc3 Qf1+ 46. Kg3 Qe1+ 47. Bf2 Qd2 48. Ne4 1-0

[Event "Hastings Masters 2024/25 98th"]
[Site "Hastings"]
[Date "2025.01.03"]
[Round "9.4"]
[White "Royal, Shreyas"]
[Black "Kaasen, Tor Fredrik"]
[Result "1-0"]
[WhiteElo "2509"]
[BlackElo "2473"]
[PlyCount "93"]
[EventDate "2024.12.28"]
[EventType "swiss"]
[EventRounds "9"]
[EventCountry "ENG"]
[SourceTitle "BritBase"]
[Source "John Saunders"]
[SourceDate "2025.01.10"]
[SourceVersion "1"]
[SourceVersionDate "2025.01.10"]
[SourceQuality "1"]

1. d4 Nf6 2. c4 e6 3. Nf3 d5 4. Nc3 Bb4 5. Qa4+ Nc6 6. e3 O-O 7. Qc2 Re8 8. Bd2 Bf8 9. a3 h6 10. Rd1 a6 11. Bc1 Bd6 12. Be2 dxc4 13. e4 Nd7 14. e5 Bf8 15. Bxc4 Nb6 16. Ba2 Ne7 17. h4 h5 18. Bg5 Qd7 19. Bxe7 Bxe7 20. Ng5 Bxg5 21. hxg5 Qc6 22. Rxh5 Qxg2 23. Qh7+ Kf8 24. Ne2 Qg4 25. Ng3 Bd7 26. Qh8+ Ke7 27. Qxg7 Rg8 28. Qf6+ Kf8 29. Rd3 Be8 30. Rf3 Nd7 31. Qf4 Qxf4 32. Rxf4 Ke7 33. Ne4 Rd8 34. Ke2 Rg7 35. Ke3 Nb6 36. Rfh4 Bc6 37. Rh7 Rxh7 38. Rxh7 Rg8 39. f4 Bxe4 40. Kxe4 Nd7 41. f5 Nf8 42. f6+ Ke8 43. Rg7 Rh8 44. d5 Rh4+ 45. Kf3 Rh2 46. dxe6 fxe6 47. g6 1-0